| 000 | 01474nam a2200349 a 4500 | ||
|---|---|---|---|
| 001 | 58636 | ||
| 003 | BD-RjUL | ||
| 005 | 20211209080637.0 | ||
| 008 | 161219s1996 enkab 001 0 eng d | ||
| 020 | _a0133987361 (pbk) | ||
| 035 | _a(OCoLC)31658157 | ||
| 035 | _a(OCoLC)ocm31658157 | ||
| 035 | _a(BD-RjUL)58760 | ||
| 035 | _a(NNC)1954514 | ||
| 040 |
_aUKM _cUKM _dEXP _dPIT _dOCL _beng |
||
| 041 | _aeng | ||
| 082 | 0 | 4 |
_a332.6322 _220 _bDOW 1995 |
| 245 | 0 | 4 |
_aThe Dow Jones guide to the world stock market / _cby the editors of Dow Jones & Company, in association with Morningstar. |
| 250 | _a1996 ed. | ||
| 260 |
_aEnglewood Cliffs, N.J. ; _aLondon : _bPrentice Hall, _cc1996. |
||
| 300 |
_a761 p. : _bill. ; _c23 cm. |
||
| 500 | _aPrevious ed.: 1995. | ||
| 505 | 0 | _aAustralia -- Austria -- Belgium -- Canada -- Denmark -- Finland -- France -- Germany -- Hong Kong -- Indonesia -- Ireland -- Italy -- Japan -- Malaysia -- Mexico -- The Netherlands -- New Zealand -- Norway -- Philippines -- Singapore -- South Africa -- South Korea --Spain -- Sweden -- Switzerland -- Taiwan -- Thailand -- United Kingdom -- United States. | |
| 650 | 0 |
_aStocks _vStatistics. _9174255 |
|
| 650 | 0 |
_aCorporations _xFinance _vStatistics. _9174256 |
|
| 650 | 0 |
_aStock exchanges _vStatistics. _9174257 |
|
| 650 | 0 |
_aCorporations _vDirectories. _9174258 |
|
| 653 | 0 | _aSecurities markets | |
| 710 | 2 |
_aDow Jones & Co. _9174259 |
|
| 710 | 2 |
_aMorningstar, Inc. _9174260 |
|
| 942 |
_2ddc _cBK |
||
| 999 |
_c58636 _d58636 |
||